| 000 | 00838nam a2200217 i 4500 | ||
|---|---|---|---|
| 001 | 167698 | ||
| 003 | ES-MaACL | ||
| 005 | 20250628040022.0 | ||
| 008 | 960726s1879 sp |||| | spa d | ||
| 100 | 1 |
_aVirgilio Marón, Publio. _9115452 |
|
| 245 | 1 | 0 |
_aEneida / _cpor Publio Virgilio Maron ; traducción en versos castellanos por Miguel Antonio Caro. |
| 260 |
_aMadrid : _b[s.n.], _c1879 ( _fImp. Central a cargo de Víctor Saiz) |
||
| 300 |
_a2 v. (CVIII, 309 ; LVII, 357 p.) ; _c19 cm. |
||
| 490 | 1 |
_aBiblioteca clásica ; _v9-10 |
|
| 594 | _aPrólogo del v. 2 de Menéndez Pelayo. | ||
| 700 | 1 |
_aCaro, Miguel Antonio, _d1843-1909 _935400 |
|
| 700 | 1 |
_aMenéndez y Pelayo, Marcelino, _d1856-1912 _980332 |
|
| 830 | 0 |
_aBiblioteca clásica ; _v9-10 _9180370 |
|
| 852 |
_aES-MaACL _jF-13290-91 _z- Enc. hol. |
||
| 999 |
_c167698 _d167698 |
||